Radiohead - Kid A (Tracks) - Statistics

General Stats
  • This quiz has been taken 54 times
  • The average score is 7 of 10
Answer Stats
Track Number Track Name % Correct
2 Kid A
97%
1 Everything in Its Right Place
79%
4 How to Disappear Completely
79%
8 Idioteque
76%
3 The National Anthem
76%
6 Optimistic
74%
10 Motion Picture Soundtrack
71%
5 Treefingers
68%
9 Morning Bell
63%
7 In Limbo
61%
No matching quizzes found
Score Distribution
Percent of People with Each Score
Percentile by Number Answered
Your Score History
You have not taken this quiz